Movies Quiz

Random Movies or Actor Quiz

Two Word Movies: Tom Hanks Quiz Stats

 Plays Quiz Updated Dec 27, 2017

Also try: Tom Hanks Movies
Challenge
Share
Tweet
Embed
Score 0/13 Timer 04:00
0 Plays Today
Year Movie % Correct
1994Forrest Gump
84%
1995*Toy Story
68.7%
2000Cast Away
67%
2013Captain Phillips
45.8%
2004The Terminal
41.7%
1995Apollo 13
40.8%
2017The Post
31.5%
1984Bachelor Party
30.4%
2011Larry Crowne
22.2%
1989The 'Burbs
21%
2004The Ladykillers
19.2%
2012Cloud Atlas
18%
2017The Circle
15.4%

You're not logged in!

Compare scores with friends on all Sporcle quizzes.
Join for Free
OR
Log In

You Might Also Like...

Show Comments

Extras

Top Quizzes Today


Score Distribution

Your Account Isn't Verified!

In order to create a playlist on Sporcle, you need to verify the email address you used during registration. Go to your Sporcle Settings to finish the process.

Report this User

Report this user for behavior that violates our Community Guidelines.

Details: